Central Library OPAC University of Rajshahi

Meteorological instruments / (Record no. 68766)

MARC details
000 -LEADER
fixed length control field 00736nam a2200229 a 4500
001 - CONTROL NUMBER
control field 68766
003 - CONTROL NUMBER IDENTIFIER
rucl marc code BD-RjUL
005 - DATE AND TIME OF LATEST TRANSACTION
control field 20211209081816.0
008 - FIXED-LENGTH DATA ELEMENTS--GENERAL INFORMATION
fixed length control field 801209s1953 xxca b 001 0 eng d
035 ## - SYSTEM CONTROL NUMBER
System control number (BD-RjUL)68977
040 ## - CATALOGING SOURCE
Original cataloging agency TEU
Transcribing agency TEU
Modifying agency OCL
-- DPL
-- EQO
-- BD-RjUL
Language of cataloging eng
041 ## - LANGUAGE CODE
Language code of text/sound track or separate title eng
082 ## - DEWEY DECIMAL CLASSIFICATION NUMBER
Edition number 23
Classification number 551.5
Author mark and year MIM 1953
100 1# - MAIN ENTRY--PERSONAL NAME
Personal name Middleton, W. E. Knowles
Fuller form of name (William Edgar Knowles),
Dates associated with a name 1902-1998.
9 (RLIN) 203788
245 10 - TITLE STATEMENT
Title Meteorological instruments /
Statement of responsibility, etc. by W.E. Knowles Middleton and Athelson F. Spilhaus.
250 ## - EDITION STATEMENT
Edition statement 3d ed. rev.
260 ## - PUBLICATION, DISTRIBUTION, ETC. (IMPRINT)
Place of publication, distribution, etc. Toronto :
Name of publisher, distributor, etc. University of Toronto Press,
Date of publication, distribution, etc. 1953.
300 ## - PHYSICAL DESCRIPTION
Pagination xi, 286 p. :
Illustrations ill. ;
Size 26 cm.
504 ## - BIBLIOGRAPHY, ETC. NOTE
Bibliography, etc Bibliography and index
650 #0 - SUBJECT ADDED ENTRY--TOPICAL TERM
Topical term or geographic name as entry element Meteorology
9 (RLIN) 203789
942 ## - ADDED ENTRY ELEMENTS (KOHA)
Source of classification or shelving scheme Dewey Decimal Classification
Koha item type Books
Holdings
Lost status Source of classification or shelving scheme Damaged status Not for loan Collection code Permanent Location Current Location Shelving location Date acquired Source of acquisition Cost, normal purchase price Total Checkouts Full call number Date last seen Copy number Koha item type
  Dewey Decimal Classification   Not For Loan Non-fiction Central Library, University of Rajshahi Central Library, University of Rajshahi Reading Room 06/03/1956 Blackweel 4.12   551.5 MIM 1953 05/04/2017 C-1 Books